Statystyki dla Najpopularniejsze numery Rap/Trap tygodnia. 20-26.08.21 YT

Kliknij tutaj aby rozwiązać quiz!

Ogólne statystyki

  • Ten quiz został rozwiązany 8 razy
  • Średni wynik to 8 z 30

Statystyki odpowiedzi

WykonawcaWyświetleniaUtwór% Poprawnych
Kizo
2.93M
Disney
75%
Young Leosia ft. Żabson2.15MJungle Girl
63%
Kizo ft. Wac Toja653K
Nasze lato
50%
Sobel916KFiołkowe Pole
50%
Mata ft. White 21151.15MLa la la (oh oh)
50%
Zdechły Osa1.11MPatolove
50%
Sobel696K
Kinol
38%
Kizo878K
Król balu
38%
Smolasty1.91MDuże Oczy
38%
Guzior ft. Oskar83631KFALA
38%
Mata1.97MKiss cam (podryw roku)
38%
Guzior556KBLUEBERRY
25%
Sokół ft. Sarius529KCześć
25%
Magiera ft. Sobel2.04M
Drobna zabawa
25%
Żabson, Kizo, ZetHa745K
Puerto Bounce
25%
Reto830KKingda Ka
25%
Mata584KPatoreakcja
25%
Kizo ft. Oki555KPOGO
25%
Ten Preston ft. Sitek485K71
13%
OIO422KAmerykańskie Teledyski
13%
ZetHa ft. Reto616K
Nie bierz (ze mnie przykładu)
13%
Jacuś567K
Queen
13%
Alberto ft. Josef Bratan478K
Z BRATEM ZARABIAM PAPIER
13%
Chivas ft. White 2115479KMam Na Twarzy Krew I Tym Razem Nie Jest Sztuczna
13%
Arne892KPoranna Rosa
13%
Ekipa508KSen
13%
Kubańczyk597KStringi
13%
Kukon479KMatrioszki
0%
Gibbs430KNigdy albo zawsze
0%
Tymek, Brodka, Urbański582KOstatni
0%

Rozkład punktacji

Percentyl według liczby udzielonych odpowiedzi

Procent ludzi z każdym wynikiem

Twoja historia wyników

Nie rozwiązałeś tego quizu